Звёздные войны (Запись № 12286140)

Подробности
000 -МАРКЕР
контрольное поле 01820nam0a2200373 4500
001 - ИДЕНТИФИКАТОР ЗАПИСИ
контрольное поле RU\NLR\BIBL_A\011568894
005 - ИДЕНТИФИКАТОР ВЕРСИИ
контрольное поле 20260405090330.0
010 ## - МЕЖДУНАРОДНЫЙ СТАНДАРТНЫЙ НОМЕР КНИГИ (ISBN)
Номер (ISBN) 9785171057923
Тираж 2500
021 ## - НОМЕР ГОСУДАРСТВЕННОЙ РЕГИСТРАЦИИ
Код страны Российская Федерация
Номер 2017-92477
Номер Листа государственной регистраци 6627
035 ## - ДРУГИЕ СИСТЕМНЫЕ НОМЕРА
Идентификатор записи (RuMoRGB)009474868
035 ## - ДРУГИЕ СИСТЕМНЫЕ НОМЕРА
Идентификатор записи (NLR Aleph) 011568894
100 ## - ДАННЫЕ ОБЩЕЙ ОБРАБОТКИ
Данные общей обработки 20171221d2017 e y0rusy50 ca
101 1# - ЯЗЫК РЕСУРСА
Язык текста, звукозаписи и т.д. русский
Язык оригинала английский
102 ## - СТРАНА ПУБЛИКАЦИИ ИЛИ ПРОИЗВОДСТВА
Страна публикации Российская Федерация
105 ## - ПОЛЕ КОДИРОВАННЫХ ДАННЫХ: ТЕКСТОВЫЕ МАТЕРИАЛЫ, МОНОГРАФИЧЕСКИЕ
Кодированные данные о монографическом текстовом документе a z 000
200 1# - ЗАГЛАВИЕ И СВЕДЕНИЯ ОБ ОТВЕТСТВЕННОСТИ
Основное заглавие Звёздные войны
Наименование части Персонажи
Первые сведения об ответственности текст: Дэниел Уоллес
Последующие сведения об ответственности иллюстрации: Майк Сатфин
-- [перевод с английского А. Бродоцкая и др.]
210 ## - ПУБЛИКАЦИЯ, РАСПРОСТРАНЕНИЕ И ДР.
Место издания, распространения и т.д. Москва
Имя издателя, распространителя и т. д. АСТ
Дата издания, распространения и т.д. 2017 (макет 2018)
215 ## - ФИЗИЧЕСКАЯ ХАРАКТЕРИСТИКА
Специфическое обозначение материала и объем 250 с.
Другие сведения о физической характеристике ил.
Размеры 26
225 1# - СЕРИЯ
Основное заглавие серии Легенды
225 1# - СЕРИЯ
Основное заглавие серии Звёздные войны
Наименование части Большая библиотека
300 ## - ОБЩИЕ ПРИМЕЧАНИЯ
Текст примечания Загл. и авт. ориг.: Star Wars. The new essential guide to characters / by Daniel Wallace
333 ## - ПРИМЕЧАНИЯ ОБ ОСОБЕННОСТЯХ РАСПРОСТРАНЕНИЯ И ИСПОЛЬЗОВАНИЯ
Текст примечания 12+
454 #0 - ОРИГИНАЛ (ПЕРЕВОДА)
Встроенное поле 010$a0-345-44900-2
-- 2001#$aStar Wars. The new essential guide to characters
-- 700#1$aWallace$bD.$f1959-$gDaniel
Заглавие Star Wars. The new essential guide to characters
Автор Wallace, Daniel (1959-)
605 ## - ЗАГЛАВИЕ КАК ПРЕДМЕТ
Начальный элемент ввода "Звездные войны"
Сведения, относящиеся к заглавию / сведения о виде, жанре, характере документа киноэпопея
Системный номер авторитетной/нормативной записи 2555279
Идентификатор авторитетной/нормативной записи RU\NLR\AUTH\661511844
606 1# - НАИМЕНОВАНИЕ ТЕМЫ КАК ПРЕДМЕТ
Наименование темы Научно-фантастическая литература
Формальный подзаголовок Энциклопедии
Тематический подзаголовок Образы
Географический подзаголовок Соединенные Штаты Америки
Системный номер авторитетной/нормативной записи 2334983
Идентификатор авторитетной/нормативной записи RU\NLR\AUTH\661396078
686 ## - ИНДЕКСЫ ДРУГИХ КЛАССИФИКАЦИЙ
Индекс Щ374.3(7США)6-3я22
Код системы
686 1# - ИНДЕКСЫ ДРУГИХ КЛАССИФИКАЦИЙ
Индекс Щ374.3(7США)6"Звездные войны"
686 1# - ИНДЕКСЫ ДРУГИХ КЛАССИФИКАЦИЙ
Индекс Ш5(7США)6-33,5я2
700 #1 - ИМЯ ЛИЦА - ПЕРВИЧНАЯ ОТВЕТСТВЕННОСТЬ
Материалы, к которым относится поле rus
Графика поля Кириллица
Начальный элемент ввода Уоллес
Часть имени, кроме начального элемента ввода Д.
Даты 1959-
Расширение инициалов личного имени Дэниел
Идентификатор авторитетной/нормативной записи RU\NLR\AUTH\7732049
Системный номер авторитетной/нормативной записи 15059
942 ## - ДОПОЛНИТЕЛЬНЫЕ ЭЛЕМЕНТЫ ЗАПИСИ (АБИС)
Тип экземпляра АБИС Книга
980 ## - КОЛЛЕКЦИЯ
Название коллекции НБР

Нет доступных экземпляров.